Normal view
MARC view
- Tang, Huajin
Entry Personal Name
001 - CONTROL NUMBER
- control field: 82211
003 - CONTROL NUMBER IDENTIFIER
- control field: NUST
005 - DATE AND TIME OF LATEST TRANSACTION
- control field: 20210907112056.0
008 - FIXED-LENGTH DATA ELEMENTS
- fixed length control field: 210907|| aca||aabn | a|a d
040 ## - CATALOGING SOURCE
- Original cataloging agency: NUST
- Transcribing agency: NUST
100 ## - HEADING--PERSONAL NAME
- Personal name: Tang, Huajin
670 ## - SOURCE DATA FOUND
- Source citation: Work cat.: (NUST)31961: Tang, Huajin., Neural Networks , c2007.
